| 000 | 00672nam a2200217Ia 4500 | ||
|---|---|---|---|
| 999 |
_c41256 _d41256 |
||
| 001 | 7909 | ||
| 003 | GE_BSU | ||
| 005 | 20220930121019.0 | ||
| 008 | 181216sru 2009xx |||||||||||||| ||rus|| | ||
| 020 | _a9785030036281 | ||
| 040 | _cGE_BSU | ||
| 041 | _arus | ||
| 080 | _a546(075.8) Ш-85 | ||
| 100 |
_aШрайвер,Д. _914918 |
||
| 245 |
_aНеорганическая химия Т.1 : _bВ двух томах / _cД. Шрайвер |
||
| 264 |
_aМосква : _bМир, _c2009. |
||
| 300 |
_a679 стр. _bилл; _c24 см. |
||
| 653 | _aНеорганическая химия | ||
| 653 | _aარაორგანული ქიმია | ||
| 942 |
_cBK _2udc |
||